书目信息 |
| 题名: |
Windows 95 中文版使用手册
|
|
| 作者: | 林龙震 编著 | |
| 分册: | ||
| 出版信息: | 合肥 中国科学技术大学出版社 1996.10 |
|
| 页数: | 473页 | |
| 开本: | 16开 | |
| 丛书名: | ||
| 单 册: | ||
| 中图分类: | TP316.7 | |
| 科图分类: | ||
| 主题词: | 软件 | |
| 电子资源: | ||
| ISBN: | 7-312-00801-1 | |
| 000 | 00579nam0 2200193 45 | |
| 001 | 0005251509 | |
| 005 | 20000525152502.8 | |
| 010 | @a7-312-00801-1@d50.00元 | |
| 100 | @a20000525d1996 km y0chiy0120 ea | |
| 101 | @achi | |
| 105 | @a z 000yy | |
| 200 | 1 | @aWindows 95 中文版使用手册@AWindows 95 Zhong Wen Ban Shi Yong Shou Ce@f林龙震 编著@FLin Long Zhen Bian Zhu |
| 210 | @a合肥@c中国科学技术大学出版社@d1996.10 | |
| 215 | @a473页@d16开 | |
| 606 | 0 | @a软件 |
| 690 | @aTP316.7@v3 | |
| 701 | @a林龙震@4编著 | |
| 801 | @aCN@bPftUser@c20000525 | |
| 905 | @f1@b56811@dTP316.7@eL969 | |
| Windows 95 中文版使用手册/林龙震 编著.-合肥:中国科学技术大学出版社,1996.10 |
| 473页;16开 |
| ISBN 7-312-00801-1:50.00元 |
| ● |
| 相关链接 |
|
|
|
正题名:Windows 95中文版使用手册
索取号:TP316.7/L969
 
预约/预借
| 序号 | 登录号 | 条形码 | 馆藏地/架位号 | 状态 | 备注 |
| 1 | 56811 | 200568117 | 自科库301/301自科库 87排2列3层/ [索取号:TP316.7/L969] | 在馆 |